000 00606cam a22002171 4500
001 he 67002091
003 DLC
005 20260227111451.0
008 840307s1902 nyu 000 0 heb
010 _ahe 67002091
035 _a(OCoLC)19140973
040 _aDLC
_cMH
_dDLC
042 _apremarc
050 0 0 _aBM522.36
_b.R44
100 1 _aFried, Joseph E.
245 1 0 _aOhel Yosef :
_bsheʼelot u-teshuvot.
260 _aNew York :
_bBi-defus A.Ḥ. Rozenberg,
_c663 [1902 or 1903]
300 _a39 leaves ;
_c31 cm.
650 0 _aResponsa
_y1800-1948.
752 _aUnited States
_bNew York
_dNew York
999 _c32724
_d32724